| 000 | 01040nam a2200313 a 4500 | ||
|---|---|---|---|
| 001 | 000043537 | ||
| 003 | DO-SdBNP | ||
| 005 | 20260428073714.0 | ||
| 008 | 140324s2010 dr r 000 j spa d | ||
| 020 | _a9789945412413 | ||
| 040 |
_aDO-SdBNP _bspa _cBNPHU |
||
| 082 |
_aRD861.44 _bP925p, 2009 |
||
| 111 | 2 |
_aPremios Funglode Poesía _d(2009 : _cSanto Domingo) _971299 |
|
| 245 | 1 | 0 | _aPremio de poesía Pedro Mir. |
| 260 |
_aSanto Domingo : _bFUNGLODE, _c2010. |
||
| 300 |
_a73 p. ; _c26 cm. |
||
| 490 | 1 | _aPremios Funglode/GFDD 2009 | |
| 505 | 0 |
_aPremio único : _tFondo negro / _rEloy Alberto Tejera. |
|
| 590 | _aInventariado, 2018/BT | ||
| 650 | 0 |
_aPoesía dominicana _966 |
|
| 650 | 0 |
_aLiteratura dominicana. _967 |
|
| 650 | 0 |
_aPremios literarios _91542 |
|
| 650 | 4 |
_aCertámenes literarios _91541 |
|
| 700 | 1 | 2 |
_aTejada, Eloy Alberto _971316 |
| 710 | 2 | 2 |
_aFundación Global Democracía y Desarrollo _925477 |
| 830 | 0 |
_aPremios Funglode/GFDD 2009 _971317 |
|
| 910 | _aValidado. Control de calidad. MFF | ||
| 942 |
_2ddc _cLBS1 |
||
| 999 |
_c43026 _d43026 |
||